| 000 | 00395nam a2200145Ia 4500 | ||
|---|---|---|---|
| 005 | 20251222153610.0 | ||
| 008 | 251222s9999||||xx |||||||||||||| ||spa|| | ||
| 020 | _a9972451070 | ||
| 082 | _a340.1/G24 | ||
| 100 | _aGarcía Toma, Víctor | ||
| 245 | 0 | _aIntroducción a las Ciencias Jurídicas | |
| 250 | _a1ra.ed. | ||
| 264 | _bUniversidad de Lima. Fondo de Desarrollo Editorial | ||
| 942 | _cLIB | ||
| 999 |
_c31590 _d31590 |
||